KOHA-Header-6

Intercultural Competence (Record no. 8663)

000 -LEADER
fixed length control field 00262nam a2200109Ia 4500
100 ## - MAIN ENTRY--AUTHOR NAME
Personal name Myron W. Lusting
245 #0 - TITLE STATEMENT
Title Intercultural Competence
260 ## - PUBLICATION, DISTRIBUTION, ETC. (IMPRINT)
Place of publication New York
Name of publisher Addision
Year of publication 2000
300 ## - PHYSICAL DESCRIPTION
Number of Pages 906
942 ## - ADDED ENTRY ELEMENTS (KOHA)
Koha item type Books
Holdings
Withdrawn status Lost status Permanent Location Current Location Date acquired Full call number Accession Number Koha item type
    MAJU MAJU 2019-09-14 5.74 3544 Books

Powered by Koha